Các yếu tố môi trường và các thành phần đạm trong rừng ngập mặn tại Cồn Ông Trang, tỉnh Cà Mau : Luận văn Thạc sĩ Khoa học môi trường

Nghiên cứu về các yếu tố môi trường và các thành phần đạm trong rừng ngập măn được thực hiện tại càc vị trí phân bố chủ yếu của ba loài cây ngập mặn là Mắm trắng (Avicecnia alba), Đước đôi (Rhizophora apiculata) và Vẹt tách (Bruguiera parv...

詳細記述

保存先:
書誌詳細
第一著者: Huỳnh, Trọng Khiêm
フォーマット: 図書
言語:Undetermined
出版事項: Cần Thơ Trường Đại học Cần Thơ 2012
主題:
タグ: タグ追加
タグなし, このレコードへの初めてのタグを付けませんか!
Thư viện lưu trữ: Trung tâm Học liệu Trường Đại học Cần Thơ
LEADER 01473nam a2200229Ia 4500
001 CTU_177897
008 210402s9999 xx 000 0 und d
082 |a 577.698 
082 |b Kh304 
088 |a 60440301 
100 |a Huỳnh, Trọng Khiêm 
245 0 |a Các yếu tố môi trường và các thành phần đạm trong rừng ngập mặn tại Cồn Ông Trang, tỉnh Cà Mau : 
245 0 |b Luận văn Thạc sĩ Khoa học môi trường 
245 0 |c Huỳnh Trọng Khiêm ; Trương Thị Nga , Võ Ngươn Thảo (hướng dẫn khoa học) 
260 |a Cần Thơ 
260 |b Trường Đại học Cần Thơ 
260 |c 2012 
520 |a Nghiên cứu về các yếu tố môi trường và các thành phần đạm trong rừng ngập măn được thực hiện tại càc vị trí phân bố chủ yếu của ba loài cây ngập mặn là Mắm trắng (Avicecnia alba), Đước đôi (Rhizophora apiculata) và Vẹt tách (Bruguiera parviflora) ờ cồn Ông Trang, tỉnh Cà Mau. 
650 |a Mangrove ecology,Nitrogen cycle,Mangrove swamps,Sinh thái rừng ngập mặn,Chu trình nitơ,Rừng ngập mặn đầm lầy 
650 |x Environmental aspects,Khía cạnh môi trường 
904 |i Ngọc huyền, Năm 
980 |a Trung tâm Học liệu Trường Đại học Cần Thơ